Toán học và tuổi trẻ

保存先:
書誌詳細
フォーマット: 図書
言語:Undetermined
出版事項: Hà Nội Nxb. Giáo dục Việt Nam 2019
主題:
タグ: タグ追加
タグなし, このレコードへの初めてのタグを付けませんか!
Thư viện lưu trữ: Trung tâm Học liệu Trường Đại học Cần Thơ
LEADER 00460nam a2200157Ia 4500
001 CTU_233981
008 210402s9999 xx 000 0 und d
082 |a 510 
082 |b T406 
245 0 |a Toán học và tuổi trẻ 
245 0 |c Nxb. Giáo dục Việt Nam 
260 |a Hà Nội 
260 |b Nxb. Giáo dục Việt Nam 
260 |c 2019 
650 |a Mathematics,Toán học 
980 |a Trung tâm Học liệu Trường Đại học Cần Thơ